A finn dalosok hangversenye

Elmentve itt :
Bibliográfiai részletek
Szerző: Lengyel Vilma
Dokumentumtípus: Cikk
Megjelent: 1928-06-16
Sorozat:Délmagyarország 4 No. 143
Kulcsszavak:Zenei élet hangverseny Szeged 1928, zeneélet
Online Access:http://dmarchiv.bibl.u-szeged.hu/75901
LEADER 00476nab a2200157 i 4500
001 delm75901
005 20180928084403.0
008 180928s1928 hu o 0|| hun d
040 |a SZTE Délmagyarország Archívum  |b hun 
041 |a hun 
100 1 |a Lengyel Vilma 
245 1 2 |a A finn dalosok hangversenye  |h [elektronikus dokumentum] /  |c  Lengyel Vilma 
260 |c 1928-06-16 
300 |a 8 
490 0 |a Délmagyarország  |v 4 No. 143 
695 |a Zenei élet hangverseny Szeged 1928, zeneélet